000
00364nam a2200145Ia 4500
008
100122s9999 xx 000 0 und d
082
_b
35373
_a
821
100
_a
बागवे अशोक
245
_a
आलम
260
_b
मौज प्रकाशन गृह
_c
1905
300
_a
81
630
_a
आलम
730
_a
आलम
942
_c
BOOK
999
_c
418638
_d
418635